000 00565nam a22002297a 4500
003 UA-OsUOA
001 39105
007 ta
008 20060608b un ||||| |||| 00| 0 ukr d
090 _a227
_bП61
942 _cBK
040 _aUA-OsUOA
_bukr
_cUA-OsUOA
_dUA-OsUOA
245 _aПослання до Галатів і до римлян
300 _a464 с.
955 _a2
041 _aukr
080 _a227
020 _a966-8481-08-9
260 _aЛуцьк
_c2004
650 7 _a22 Біблія. Святе писання
_2UDC
999 _c325212
_d325212